Central Library OPAC University of Rajshahi

The Indian image of nineteenth-century Europe / (Record no. 24599)

MARC details
000 -LEADER
fixed length control field 00920nam a22002892a 4500
001 - CONTROL NUMBER
control field 24599
003 - CONTROL NUMBER IDENTIFIER
rucl marc code BD-RjUL
005 - DATE AND TIME OF LATEST TRANSACTION
control field 20211209001055.0
008 - FIXED-LENGTH DATA ELEMENTS--GENERAL INFORMATION
fixed length control field 140313s1967 ii b 000 0 eng d
035 ## - SYSTEM CONTROL NUMBER
System control number (BD-RjUL)24668
040 ## - CATALOGING SOURCE
Original cataloging agency DLC
Transcribing agency DLC
Modifying agency UKM
-- BD-RjUL
Language of cataloging eng
041 ## - LANGUAGE CODE
Language code of text/sound track or separate title eng
082 00 - DEWEY DECIMAL CLASSIFICATION NUMBER
Classification number 301.295404
Author mark and year MOI 1967
100 1# - MAIN ENTRY--PERSONAL NAME
Personal name Mookerjee, Girija K.
Fuller form of name (Girija Kanta),
Dates associated with a name 1905-1974.
9 (RLIN) 75718
245 14 - TITLE STATEMENT
Title The Indian image of nineteenth-century Europe /
Statement of responsibility, etc. Girija K. Mookerjee.
260 ## - PUBLICATION, DISTRIBUTION, ETC. (IMPRINT)
Place of publication, distribution, etc. Bombay :
Name of publisher, distributor, etc. Asia Publishing House,
Date of publication, distribution, etc. c1967.
300 ## - PHYSICAL DESCRIPTION
Pagination 58 p. ;
Size 19 cm.
504 ## - BIBLIOGRAPHY, ETC. NOTE
Bibliography, etc Bibliographical footnotes.
650 #0 - SUBJECT ADDED ENTRY--TOPICAL TERM
Topical term or geographic name as entry element Civilization, Modern
Chronological subdivision 19th century.
9 (RLIN) 75482
651 #0 - SUBJECT ADDED ENTRY--GEOGRAPHIC NAME
Geographic name India
General subdivision Relations
Geographic subdivision Europe.
9 (RLIN) 75719
Geographic name Europe
General subdivision Relations
Geographic subdivision India
9 (RLIN) 75720
830 #0 - SERIES ADDED ENTRY--UNIFORM TITLE
Volume number/sequential designation no. 4
Uniform title International studies series.
942 ## - ADDED ENTRY ELEMENTS (KOHA)
Source of classification or shelving scheme Dewey Decimal Classification
Koha item type Books
Holdings
Lost status Source of classification or shelving scheme Damaged status Not for loan Collection code Permanent Location Current Location Shelving location Date acquired Source of acquisition Cost, normal purchase price Total Checkouts Full call number Date last seen Copy number Koha item type
  Dewey Decimal Classification   Added to bundle Non-fiction Central Library, University of Rajshahi Central Library, University of Rajshahi Reading Room 26/05/1975 Gonathan & Co. 0.80   301.295404 MOI 1967 13/03/2014 C-1 Books